000 00246nam a2200097Ia 4500
008 240625s9999 xx 000 0 und d
041 _aeng
082 _a808.20 LAW
100 _aLAWRENCE MARGARET
245 _aDESIGNING A MERCHANDISING PLAN FOR SUPER
999 _c37212
_d37212